00866nam a2200229Ia 4500001001000000003000500010008004100015010001100056040000900067100003200076245018300108260003400291300001000325502010600335650002600441650002700467650002600494650002100520650002000541650002500561710005000586Para_9506CHAP220125s2008 xx 000 0 und d a208180 cCHAP aZamora Rosas, Erick Ricardo aManejo fitosanitario en el cultivo de la fresa (Fragaria x ananassa) bajo el sistema de macrotúnel en Tangancícuaro, Michoacán, México /c por Erick Ricardo Zamora Rosas aChapingo, Méx. :b el autor a76 h. aTesis (Ing. Agr. Esp. en Parasitología Agrícola) -- UACh. Departamento Parasitología Agrícola aAcolchado de suelos  aFresa x enfermedades  aFresa x Michoacán  aFresa x plagas  aRiego por goteo aSistemas de cultivo  aUACh. Departamento Parasitología Agrícola